Introducing McPFI (Record no. 80077)

MARC details
000 -LEADER
fixed length control field 00972cab a22002055a 4500
001 - CONTROL NUMBER
control field L143169
008 - FIXED-LENGTH DATA ELEMENTS--GENERAL INFORMATION
fixed length control field 080414e20080404xxk f 000 0 eng d
035 ## - SYSTEM CONTROL NUMBER
System control number (Sirsi) u143169
041 0# - LANGUAGE CODE
Language code of text/sound track or separate title eng
100 1# - MAIN ENTRY--PERSONAL NAME
Personal name Patterson, Lindy
245 00 - TITLE STATEMENT
Title Introducing McPFI
260 ## - PUBLICATION, DISTRIBUTION, ETC.
Date of publication, distribution, etc. 2008
490 #0 - SERIES STATEMENT
Series statement Building
Volume/sequential designation 273(8523) 4 April 2008, 80(1)
520 ## - SUMMARY, ETC.
Summary, etc. Discusses a new form of PPP model which is based on Non-Profit Distributing (NPD) principles. The NPD model was used for the first time in the UK for a schools project in Scotland, and the Scottish government has suggested the model will be used for future PPP projects in Scotland in the short term. Considers how the NPD model differs from a typical PFI project, how will the model be viewed by contractors and service providers in the PFI market, and whether it will change the key players in the market.
590 ## - LOCAL NOTE (RLIN)
Local note KA
650 24 - SUBJECT ADDED ENTRY--TOPICAL TERM
Topical term or geographic name entry element PFI
651 #4 - SUBJECT ADDED ENTRY--GEOGRAPHIC NAME
Geographic name United Kingdom
Chronological subdivision
690 ## - LOCAL SUBJECT ADDED ENTRY--TOPICAL TERM (OCLC, RLIN)
Topical term or geographic name as entry element Procurement
9 (RLIN) 6260
942 ## - ADDED ENTRY ELEMENTS (KOHA)
Suppress in OPAC 0
Holdings
Withdrawn status Lost status Source of classification or shelving scheme Damaged status Not for loan Home library Current library Shelving location Date acquired Total Checkouts Full call number Barcode Date last seen Copy number Price effective from Koha item type
    Dewey Decimal Classification     London London Journal article 14/04/2008   L143169 143169-1001 06/08/2019 1 06/08/2019 Journal article